<?xml version="1.0" encoding="UTF-8"?>
<record
    xmlns:xsi="http://www.w3.org/2001/XMLSchema-instance"
    xsi:schemaLocation="http://www.loc.gov/MARC21/slim http://www.loc.gov/standards/marcxml/schema/MARC21slim.xsd"
    xmlns="http://www.loc.gov/MARC21/slim">

  <leader>01818nam a2200313Ia 4500</leader>
  <datafield tag="952" ind1=" " ind2=" ">
    <subfield code="0">0</subfield>
    <subfield code="1">0</subfield>
    <subfield code="4">0</subfield>
    <subfield code="7">0</subfield>
    <subfield code="a">19</subfield>
    <subfield code="b">19</subfield>
    <subfield code="d">2015-01-26</subfield>
    <subfield code="l">0</subfield>
    <subfield code="o">HF5651 M67 2014</subfield>
    <subfield code="p">19 002098</subfield>
    <subfield code="r">2015-01-26</subfield>
    <subfield code="t">1</subfield>
    <subfield code="w">2015-01-26</subfield>
    <subfield code="y">LB</subfield>
  </datafield>
  <datafield tag="952" ind1=" " ind2=" ">
    <subfield code="0">0</subfield>
    <subfield code="1">0</subfield>
    <subfield code="4">0</subfield>
    <subfield code="7">0</subfield>
    <subfield code="a">03</subfield>
    <subfield code="b">03</subfield>
    <subfield code="d">2015-06-27</subfield>
    <subfield code="l">1</subfield>
    <subfield code="o">HF5651 M677 2014</subfield>
    <subfield code="p">03 007844</subfield>
    <subfield code="r">2018-12-04</subfield>
    <subfield code="s">2018-12-04</subfield>
    <subfield code="t">1</subfield>
    <subfield code="w">2015-06-27</subfield>
    <subfield code="y">LB</subfield>
  </datafield>
  <datafield tag="952" ind1=" " ind2=" ">
    <subfield code="0">0</subfield>
    <subfield code="1">0</subfield>
    <subfield code="4">0</subfield>
    <subfield code="7">0</subfield>
    <subfield code="a">03</subfield>
    <subfield code="b">03</subfield>
    <subfield code="d">2015-07-04</subfield>
    <subfield code="l">0</subfield>
    <subfield code="o">HF5651 M677 2014</subfield>
    <subfield code="p">03 007889</subfield>
    <subfield code="r">2015-07-04</subfield>
    <subfield code="t">2</subfield>
    <subfield code="w">2015-07-04</subfield>
    <subfield code="y">LB</subfield>
  </datafield>
  <datafield tag="952" ind1=" " ind2=" ">
    <subfield code="0">0</subfield>
    <subfield code="1">0</subfield>
    <subfield code="4">0</subfield>
    <subfield code="7">0</subfield>
    <subfield code="a">18</subfield>
    <subfield code="b">18</subfield>
    <subfield code="d">2016-04-01</subfield>
    <subfield code="l">2</subfield>
    <subfield code="o">HF5651 M67 2014</subfield>
    <subfield code="p">18 002663</subfield>
    <subfield code="r">2019-08-02</subfield>
    <subfield code="s">2019-08-02</subfield>
    <subfield code="t">1</subfield>
    <subfield code="w">2016-04-01</subfield>
    <subfield code="y">LB</subfield>
  </datafield>
  <datafield tag="952" ind1=" " ind2=" ">
    <subfield code="0">0</subfield>
    <subfield code="1">0</subfield>
    <subfield code="2">lcc</subfield>
    <subfield code="4">0</subfield>
    <subfield code="7">0</subfield>
    <subfield code="a">13</subfield>
    <subfield code="b">13</subfield>
    <subfield code="d">2016-08-22</subfield>
    <subfield code="l">1</subfield>
    <subfield code="o">HF5651 M677 2014</subfield>
    <subfield code="p">13 004219</subfield>
    <subfield code="r">2016-12-06</subfield>
    <subfield code="s">2016-12-06</subfield>
    <subfield code="t">1</subfield>
    <subfield code="w">2016-08-22</subfield>
    <subfield code="y">LB</subfield>
  </datafield>
  <datafield tag="952" ind1=" " ind2=" ">
    <subfield code="0">0</subfield>
    <subfield code="1">0</subfield>
    <subfield code="2">lcc</subfield>
    <subfield code="4">0</subfield>
    <subfield code="7">0</subfield>
    <subfield code="a">08</subfield>
    <subfield code="b">08</subfield>
    <subfield code="d">2016-08-26</subfield>
    <subfield code="l">0</subfield>
    <subfield code="o">HF5651 M67 2014</subfield>
    <subfield code="p">08 006019</subfield>
    <subfield code="r">2016-11-19</subfield>
    <subfield code="t">1</subfield>
    <subfield code="w">2016-11-19</subfield>
    <subfield code="y">LB</subfield>
  </datafield>
  <datafield tag="952" ind1=" " ind2=" ">
    <subfield code="0">0</subfield>
    <subfield code="1">0</subfield>
    <subfield code="2">lcc</subfield>
    <subfield code="4">0</subfield>
    <subfield code="7">0</subfield>
    <subfield code="a">08</subfield>
    <subfield code="b">08</subfield>
    <subfield code="d">2016-08-23</subfield>
    <subfield code="l">0</subfield>
    <subfield code="o">HF5651 M67 2014</subfield>
    <subfield code="p">08 006067</subfield>
    <subfield code="r">2016-11-23</subfield>
    <subfield code="t">2</subfield>
    <subfield code="w">2016-11-23</subfield>
    <subfield code="y">LB</subfield>
  </datafield>
  <datafield tag="952" ind1=" " ind2=" ">
    <subfield code="0">0</subfield>
    <subfield code="1">0</subfield>
    <subfield code="2">lcc</subfield>
    <subfield code="4">0</subfield>
    <subfield code="7">0</subfield>
    <subfield code="a">12</subfield>
    <subfield code="b">12</subfield>
    <subfield code="d">2018-08-16</subfield>
    <subfield code="l">2</subfield>
    <subfield code="o">HF5651 M67 2014</subfield>
    <subfield code="p">24 000745</subfield>
    <subfield code="r">2024-05-07</subfield>
    <subfield code="s">2019-04-16</subfield>
    <subfield code="t">1</subfield>
    <subfield code="w">2018-08-16</subfield>
    <subfield code="y">LB</subfield>
    <subfield code="f"></subfield>
  </datafield>
  <datafield tag="999" ind1=" " ind2=" ">
    <subfield code="c">95694</subfield>
    <subfield code="d">95694</subfield>
  </datafield>
  <controlfield tag="005">20231102151803.0</controlfield>
  <controlfield tag="008">120626s2014    mx a|||  |||| 000 0 spa d</controlfield>
  <datafield tag="020" ind1=" " ind2=" ">
    <subfield code="a">9786074388145</subfield>
  </datafield>
  <datafield tag="050" ind1="0" ind2="4">
    <subfield code="a">HF5651</subfield>
    <subfield code="b">M67 2014</subfield>
  </datafield>
  <datafield tag="100" ind1=" " ind2=" ">
    <subfield code="a">Moreno Fern&#xE1;ndez, Joaqu&#xED;n A.</subfield>
    <subfield code="e">autor</subfield>
  </datafield>
  <datafield tag="245" ind1="0" ind2="0">
    <subfield code="a">Contabilidad superior</subfield>
    <subfield code="c"> / Joaqu&#xED;n Moreno  Fern&#xE1;ndez</subfield>
  </datafield>
  <datafield tag="250" ind1=" " ind2=" ">
    <subfield code="a">4a edici&#xF3;n </subfield>
  </datafield>
  <datafield tag="260" ind1=" " ind2=" ">
    <subfield code="a">M&#xE9;xico </subfield>
    <subfield code="b"> : Patria</subfield>
    <subfield code="c">, 2014</subfield>
  </datafield>
  <datafield tag="300" ind1=" " ind2=" ">
    <subfield code="a">xix, 396 p&#xE1;ginas</subfield>
    <subfield code="b"> : ilustraciones</subfield>
  </datafield>
  <datafield tag="505" ind1=" " ind2=" ">
    <subfield code="a">Contabilidad b&#xE1;sica
Contabilidad de la estructura financiera de la empresa
Contabilidad de sociedades</subfield>
  </datafield>
  <datafield tag="519" ind1=" " ind2=" ">
    <subfield code="a">Plan Flexible /
</subfield>
    <subfield code="b">Administraci&#xF3;n / </subfield>
    <subfield code="c">Sistemas y Procesos Contable (B06-3) /</subfield>
    <subfield code="d">(03 007844)
</subfield>
  </datafield>
  <datafield tag="519" ind1=" " ind2=" ">
    <subfield code="a">Plan Flexible /</subfield>
    <subfield code="b">Mercadotecnia / </subfield>
    <subfield code="c">Sistemas y Procesos Contable (B06-3) /</subfield>
    <subfield code="d">(03 007889)
</subfield>
  </datafield>
  <datafield tag="519" ind1=" " ind2=" ">
    <subfield code="a">Plan Flexible / </subfield>
    <subfield code="b">Contadur&#xED;a / </subfield>
    <subfield code="c">Sistemas y Procesos Contable (B06-3) / </subfield>
    <subfield code="d">(13 004219)</subfield>
  </datafield>
  <datafield tag="519" ind1=" " ind2=" ">
    <subfield code="a">Educaci&#xF3;n Mixta / </subfield>
    <subfield code="b">Contadur&#xED;a / </subfield>
    <subfield code="c">Sistemas y Procedimientos Contables (B06-3) / </subfield>
    <subfield code="d">(18 002663)</subfield>
  </datafield>
  <datafield tag="519" ind1=" " ind2=" ">
    <subfield code="a">Plan Flexibe / </subfield>
    <subfield code="b">Contabilidad / </subfield>
    <subfield code="c">Sistemas y Procedimientos Contables (B06-3) / </subfield>
    <subfield code="d">(19 002098)
</subfield>
  </datafield>
  <datafield tag="519" ind1=" " ind2=" ">
    <subfield code="a">Plan Flexible /</subfield>
    <subfield code="b">Mercadotecnia Digital /</subfield>
    <subfield code="c">Sistemas y Procesos Contables (B06-2) /</subfield>
    <subfield code="d">(08 006067)
</subfield>
  </datafield>
  <datafield tag="519" ind1=" " ind2=" ">
    <subfield code="a">Plan Flexible /</subfield>
    <subfield code="b">Mercadotecnia /</subfield>
    <subfield code="c">Sistemas y Procesos Contables (B06-3) /</subfield>
    <subfield code="d">(08 006019)
</subfield>
  </datafield>
  <datafield tag="519" ind1=" " ind2=" ">
    <subfield code="a">Plan Flexible / 

</subfield>
    <subfield code="b">Contador P&#xFA;blico IPN / 
</subfield>
    <subfield code="c">Estudio del Capital Contable (N4-V-8) / </subfield>
    <subfield code="d">(24 000745)</subfield>
  </datafield>
  <datafield tag="650" ind1="1" ind2="4">
    <subfield code="a">CONTABILIDAD</subfield>
  </datafield>
  <datafield tag="942" ind1=" " ind2=" ">
    <subfield code="c">LB</subfield>
  </datafield>
</record>
